| 000 | 01308nam a22003257a 4500 | ||
|---|---|---|---|
| 001 | BR8104479 | ||
| 003 | BR-BrBNA | ||
| 005 | 20230928091018.0 | ||
| 007 | ta | ||
| 008 | 230509b bl.||||| |||| 00| 0 por d | ||
| 040 |
_aBR-BrBNA _bpor _cBiblioteca Nacional de Agricultura |
||
| 041 | _a(Por) | ||
| 072 |
_aP12; F28; T00 _b/G514 _b/GZ65 |
||
| 090 | _ P12 BR8104479 | ||
| 100 | 1 | _aSausen, T.M. | |
| 110 | 1 | _aInstituto de Pesquisas Espaciais, Sao Jose dos Campos, SP (Brasil) | |
| 111 | 1 |
_a11. Congresso Brasileiro de Engenharia Agricola _cBrasilia, DF (Brazil) _d22 Jun 1981 |
|
| 245 | 1 |
_aEstudo da relacao entre uso do solo, cobertura vegetal e descarga de sedimentos de reservatorios artificiais, atraves de imagens MSS/LANDSAT. Exemplo: Reservatorio de Tres Marias e sua bacia abastecedora (MG)[Rio Sao Francisco, Minas Gerais, Brasil] _bINPE-2195-PRE/004 |
|
| 260 | 3 |
_aSao Jose dos Campos, SP (Brasil): _c1981. |
|
| 300 | _a20 p. | ||
| 500 | _aMap 1 (scale 1:2000,000), Map 2 (scale 1:500,000), Map 3 (scale 1:1,000,000); Summaries (Eng, Por) | ||
| 650 | _aRESIDUO INDUSTRIAL | ||
| 650 | _aSENSORIAMENTO REMOTO | ||
| 650 | _aCOBERTURA VEGETAL | ||
| 650 | _aUSO DA TERRA | ||
| 650 | _aRIO SAO FRANCISCO | ||
| 650 | _aMINAS GERAIS | ||
| 909 |
_a202309 _bLucia _c55 _dLucia Elande |
||
| 942 | _cBK | ||
| 999 |
_c31752 _d31752 |
||